• 首页
  • 本馆介绍
  • 公告通知
  • 最新文献
  • 馆藏检索
  • 电子资源
  • 读者导购
  • 参考咨询
  • 我的图书馆
  • 登录
  • 详细信息显示
  • 放入我的书架
  • 预约/预借图书
  • 作者相关作品
  • 分类相关作品
  • 丛书相关作品
  • 出版社相关作品

书目信息

  • 表格格式
  • 工作单格式
  • 卡片格式
题名:
海空突击
    
 
作者: 托马森 著 ;林雪 译
分册:  
出版信息: 北京   海洋出版社  2017.03
页数: 222页
开本: 23x24cm
丛书名: 海上力量
单 册:
中图分类: E926.392
科图分类:
主题词: 航空母舰--hang kong mu jian--舰载飞机--战争史--美国
电子资源:
ISBN: 978-7-5027-9676-1
000 01291nam 2200301 450
001 CAL 0120161946636
005 20170323153500.2
010    @a978-7-5027-9676-1@b@dCNY66.00
100    @a20170323d2017 em y0chiy50 ea
101 1  @achi@ceng
102    @aCN@b110000
105    @aa z 000yy
106    @ar
200 1  @a海空突击@Ahai kong tu ji@e美国海军舰载战机发展和作战全史从全天候打击到无人机打击@f(英) 汤米·托马森著@d= Strike from the sea@fTommy H. Thomason@g林雪译@zeng
210    @a北京@c海洋出版社@d2017.03
215    @a222页@c图 (部分彩图)@d23x24cm
225 2  @a海上力量@Ahai shang li liang
330    @a本书共分为6部分, 主要内容包括: 全天候攻击 ; 转型攻击机归来 ; 走陆路一架, 走海路两架 ; 替换A-6, 第一回合 ; 替换A-6, 第二回合 ; 总结。
410  0 @12001 @a海上力量
500 10 @aStrike from the sea@mChinese
517 1  @a美国海军舰载战机发展和作战全史从全天候打击到无人机打击@Amei guo hai jun jian zai zhan ji fa zhan he zuo zhan quan shi cong quan tian hou da ji dao wu ren ji da ji
606 0  @a航空母舰@Ahang kong mu jian@x舰载飞机@x战争史@y美国
690    @aE926.392@v5
701  1 @a托马森@Atuo ma sen@g(Thomason, Tommy H.)@4著
702  0 @a林雪@Alin xue@4译
801  0 @aCN@b人天书店@c20170323@g
905    @aBZT@dE926.392@e1
906    @dCNY66.00@n3@r1
    
    海空突击:美国海军舰载战机发展和作战全史从全天候打击到无人机打击/(英) 汤米·托马森著= Strike from the sea/Tommy H. Thomason/林雪译.-北京:海洋出版社,2017.03
    222页:图 (部分彩图);23x24cm.-(海上力量)
    
    
    ISBN 978-7-5027-9676-1:CNY66.00
    本书共分为6部分, 主要内容包括: 全天候攻击 ; 转型攻击机归来 ; 走陆路一架, 走海路两架 ; 替换A-6, 第一回合 ; 替换A-6, 第二回合 ; 总结。
●
相关链接 在五车中查询图书 在当当中查询图书 在豆瓣中查询图书


正题名:海空突击     索取号:E926.392/1         预约/预借

序号 登录号 条形码 馆藏地/架位号 状态 备注
1 835318   2000835318   思政阅览室/思1架A面1层10列/ [索取号:E926.392/1] 在馆    
2 835319   2000835319   第二书库/ [索取号:E926.392/1] 在馆    
3 835320   2000835320   思政阅览室/思1架B面1层3列/ [索取号:E926.392/1] 在馆    
山东省滨州职业学院图书馆 欢迎您!
大连网信软件有限公司© 版权所有